00693nam a2200193Ia 4500008004100000041001200041082001100053100005100064245008900115260002800204300000800232365000900240520002000249546001200269630008900281650002000370655002000390730008900410101110s9999 xx 000 0 und d aENGLISH bMSC107 aBohra R., Singh A., Mehrotra R.C. & etc. (Ed.) aThe chemistry and applications of Alkoxy, Aryloxy and allied derivatives of elements bRBSA Publishers, Jaipur a415 b1350 aM.Sc. Chemistry aENGLISH aThe chemistry and applications of Alkoxy, Aryloxy and allied derivatives of elements aM.Sc. Chemistry aM.Sc. Chemistry aThe chemistry and applications of Alkoxy, Aryloxy and allied derivatives of elements